Mapa de Banderas de Europa - Encuentra los Errores - Estadísticas

Estadísticas generales
  • Esta prueba ha sido intentada 7.031 veces
  • La puntuación promedio es 5 de 8
Respuestas en el mapa
Las respuestas están codificadas por una escala verde-roja en el mapa de la prueba según el % correcto abajo.
 
Estadísticas de respuestas
País % Correcto
Suecia
92%
Reino Unido
81%
Suiza
78%
Portugal
76%
Polonia
58%
Grecia
57%
San Marino
57%
Ucrania
39%
No se encontraron pruebas coincidentes
Distribución de puntuación
Porcentaje de gente con cada puntuación
Porcentaje por número respondido
Historial de tus puntuaciones
No has intentado esta prueba.